LEADER 01226nam a2200277 i 4500 001 000000188016 003 CaOOAMICUS 005 20151119000000.0 008 151119s1999 it u000 u ita u 013 $a166140 020 $a88-16-30351-4 040 $aSeMil$bita 100 1 $aFeuillet, André .$0(OLS)http://semarc/name/5232 240 10$aEn prière avec la Bible. Le pain de la vie selon Saint Jean.$0(OLS)http://semarc/title/270508 245 13$aIl pane di vita :$briflessioni eucaristiche per l'anno giubilare /$cAndré Feuillet. 260 $aMilano :$bJaca Book,$c1999. 300 $a140 p. ;$c23 cm. 490 0 $aGià e non ancora [Jaca Book] ;$v351 650 4$aEucaristia - Meditazioni.$0(OLS)http://semarc/subject/1553 830 0$aGià e non ancora ;$v351.$0(OLS)http://semarc/title/5902 850 $aSeMil 852 $aSeMil$W1$xVenegono$y1$m2B V 62$j138695$B138695$CSeMilBibl$Z2$F150208 $81 961 $aOmaggio: Martinelli don Romano 996 $6020$a88-16-30351-4$9(OLS)http://semarc/number/178485 996 $6245$aIl pane di vita :$briflessioni eucaristiche per l'anno giubilare$9(OLS)http://semarc/title/270507 996 $6260$aMilano :$bJaca Book$9(OLS)http://semarc/publisher/29781 LEADER 00798nam a2200193 i 4500 001 000000073749 003 CaOOAMICUS 005 20160222000000.0 008 160222s1837 xx u000 u fre u 013 $a44921 040 $aSeMil$bita 245 10$aTome 1. 300 $a455 p. 773 0 $aLa Luzerne, César Guillaume : de $tInstructions sur l'administration des sacremens.$b3. ed., mise in concordance avec le droit civil actuel, revue, corrigée et augmentée d'un grand nombre de notes / par m. l'abbé Affre.$dParis : Méquignon junior, 1837.$g1$w()33031 850 $aSeMil 852 $aSeMil$W1$xVenegono$y1$m3K I 16 FA$j39901$B39901$CSeMilBibl$Z2$F39905 $8I 941 1 $a10 961 $aRecupero: Mantegazza 996 $6245$aTome 1$9(OLS)http://semarc/title/1447